Введение в коммерческую логистику: учебно-практическое пособие

Xehetasun bibliografikoak
Egile nagusia: Миротин Л. Б. Леонид Борисович
Beste egile batzuk: Покровский А. К. Анатолий Константинович
Gaia:В рамках специальности «Менеджмент высоких технологий» рассмотрены: современное состояние коммерческой деятельности в России и направления ее развития; процессно-ресурсный подход как основное направление логистики в коммерческой деятельности; факторы развития коммерческой логистики; возможные риски; факторы успеха; технологическая переориентация современных компаний. Особое внимание уделено направлениям и анализу политики компаний в области коммерческой деятельности (законодательная регламентация, акционирование, государственная налоговая политика, маркетинг и сбыт, ценовая и финансовая политика, учет в коммерческой логистике, инвестиционная и инновационная политика, инновации и информатика в логистике, кадровая политика). Для студентов, аспирантов и преподавателей экономических и инженерных вузов, руководителей предприятий всех форм собственности, работников службы автосервиса и логистических фирм.
Hizkuntza:errusiera
Argitaratua: Москва, Альфа-Пресс, 2008
Gaiak:
Formatua: Liburua
KOHA link:https://koha.lib.tpu.ru/cgi-bin/koha/opac-detail.pl?biblionumber=133635

MARC

LEADER 00000nam0a2200000 4500
001 133635
005 20231101220436.0
010 |a 9785942803117 
035 |a (RuTPU)RU\TPU\book\144845 
090 |a 133635 
100 |a 20080319d2008 m y0rusy50 ca 
101 0 |a rus 
102 |a RU 
105 |a y j 001zy 
200 1 |a Введение в коммерческую логистику  |e учебно-практическое пособие  |f Л. Б. Миротин, А. К. Покровский 
210 |a Москва  |c Альфа-Пресс  |d 2008 
215 |a 336 с. 
320 |a Рекомендуемая литература: с. 335. 
330 |a В рамках специальности «Менеджмент высоких технологий» рассмотрены: современное состояние коммерческой деятельности в России и направления ее развития; процессно-ресурсный подход как основное направление логистики в коммерческой деятельности; факторы развития коммерческой логистики; возможные риски; факторы успеха; технологическая переориентация современных компаний. Особое внимание уделено направлениям и анализу политики компаний в области коммерческой деятельности (законодательная регламентация, акционирование, государственная налоговая политика, маркетинг и сбыт, ценовая и финансовая политика, учет в коммерческой логистике, инвестиционная и инновационная политика, инновации и информатика в логистике, кадровая политика). Для студентов, аспирантов и преподавателей экономических и инженерных вузов, руководителей предприятий всех форм собственности, работников службы автосервиса и логистических фирм. 
606 1 |a Логистика  |x Логистические стратегии  |2 stltpush  |3 (RuTPU)RU\TPU\subj\36364  |9 57772 
610 1 |a экономика 
610 1 |a коммерция 
610 1 |a коммерческая деятельность 
610 1 |a потребители 
610 1 |a конкуренция 
610 1 |a логистика 
610 1 |a коммерческая логистика 
610 1 |a сбыт 
610 1 |a снабжение 
610 1 |a коммерческая политика 
610 1 |a учебные пособия 
686 |a У9(2)42  |v LBC/SL-A  |2 rubbk 
686 |a У9(2)40я73  |v LBC/SL-A  |2 rubbk 
700 1 |a Миротин  |b Л. Б.  |g Леонид Борисович 
701 1 |a Покровский  |b А. К.  |g Анатолий Константинович 
801 1 |a RU  |b 63413507  |c 20080319  |g PSBO 
801 2 |a RU  |b 63413507  |c 20211028  |g PSBO 
900 |a Коммерческая логистика 
942 |c BK 
959 |a 34/20080318  |d 1  |e 205,00  |f ЧЗГЛ:1